L. Annaeus Seneca's Troas : a tragedy /

Bibliographic Details
Main Author: Seneca, Lucius Annaeus, approximately 4 B.C.-65 A.D
Other Authors: Talbot, James, 1664-1708
Format: Microform Book
Language:English
Series:Early English books, 1641-1700 ; 511:26.

MARC

Tag First Indicator Second Indicator Subfields
LEADER 00000cam a2200000 a 4500
001 in00000942421
005 20181006063643.0
007 hd afv|||baca
008 850411s1686 miu a 00010 eng d
035 |a (OCoLC)11907269 
035 |9 AET5217AM 
037 |a CL0037000014  |b UMI 
037 |b University Microfilms International, 300 N. Zeeb Rd., Ann Arbor, MI 48106 
040 |a EAA  |c EAA  |d m/c  |d EAA  |d UtOrBLW 
041 1 |a eng  |h lat 
049 |a TXAI 
099 |a film   |a  B   |a  3609 
100 1 |a Seneca, Lucius Annaeus,  |d approximately 4 B.C.-65 A.D. 
240 1 0 |a Troades.  |l English 
245 1 0 |a L. Annaeus Seneca's Troas :  |b a tragedy /  |c translated from the Latine by J. Ta. 
264 3 |a London :  |b Printed for Jacob Tonson ...,  |c 1686. 
300 |a 8 unnumbered pages, 44 pages 
336 |a text  |b txt  |2 rdacontent 
337 |a microform  |b h  |2 rdamedia 
338 |a microfilm reel  |b hd  |2 rdacarrier 
500 |a Translator believed to have been James Talbot. Cf. NUC pre-1956. 
500 |a In verse. 
500 |a Reproduction of original in Huntington Library. 
510 4 |a Wing  |c S2529 
533 |a Microfilm.  |b Ann Arbor, Mich. :  |c University Microfilms,  |d 1974.  |e 1 microfilm reel. 35 mm.  |f (Early English books, 1641-1700; 511:26) 
500 |a Microform. 
700 1 |a Talbot, James,  |d 1664-1708. 
740 0 |a Troas. 
830 0 |a Early English books, 1641-1700 ;  |v 511:26. 
999 |a MARS 
999 f f |s 4f89109f-9307-3ae5-89ae-902ef3330cf2  |i 2cdfb465-dd5b-3407-92e3-6aebaea897d2  |t 0 
952 f f |p default  |a Texas A&M University  |b College Station  |c Sterling C. Evans Library  |d Evans: Microforms (3rd floor)  |t 0  |e film B 3609 511:26  |h Other scheme  |i microform -- microfilm reel 
998 f f |a film B 3609 511:26  |t 0  |l Evans: Microforms (3rd floor)